شعر إبن القيسراني / (رقم التسجيلة. 9159)
[ عرض عادي ]
| 000 -LEADER | |
|---|---|
| fixed length control field | 00577nam a22001697a 4500 |
| 005 - DATE AND TIME OF LATEST TRANSACTION | |
| control field | 20251108164321.0 |
| 008 - FIXED-LENGTH DATA ELEMENTS--GENERAL INFORMATION | |
| fixed length control field | 250721s1991 xx 000 0 ara d |
| 082 14 - DEWEY DECIMAL CLASSIFICATION NUMBER | |
| Classification number | 811.6371/قيس |
| 100 1# - MAIN ENTRY--PERSONAL NAME | |
| Personal name | إبن القيسراني، شرف الدين أبو عبد الله محمد |
| 245 10 - TITLE STATEMENT | |
| Title | شعر إبن القيسراني / |
| 264 1# - PRODUCTION, PUBLICATION, DISTRIBUTION, MANUFACTURE, AND COPYRIGHT NOTICE | |
| Place of production, publication, distribution, manufacture | الزرقاء : |
| Name of producer, publisher, distributor, manufacturer | الوكالة العربية للتوزيع، |
| Date of production, publication, distribution, manufacture, or copyright notice | 1991. |
| 300 ## - PHYSICAL DESCRIPTION | |
| Extent | 572ص. |
| 650 17 - SUBJECT ADDED ENTRY--TOPICAL TERM | |
| Topical term or geographic name as entry element | الشعر العربي |
| 700 1# - ADDED ENTRY--PERSONAL NAME | |
| Personal name | محمد، عادل جابر صالح |
| Relator term | تحقيق |
| 942 ## - ADDED ENTRY ELEMENTS (KOHA) | |
| Source of classification or shelving scheme | Dewey Decimal Classification |
| Koha item type | مراجع |
| حالة السحب | حالة الفقدان | مصدر التصنيف | حالة التلف | غير قابل للإعارة | المكتبة الرئيسية | المكتبة الحالية | موقع الرف | تاريخ التزويد | الرقم المتسلسل | Total Checkouts | رقم الإستدعاء | تاريخ آخر ظهور | تاريخ الفاتورة | نوع المادة (كوها) | الباركود |
|---|---|---|---|---|---|---|---|---|---|---|---|---|---|---|---|
| Dewey Decimal Classification | Unchecked | مكتبة الجويدة | مكتبة الجويدة | الإعارة | 06/07/2004 | 2521 | 811.6371/قيس | 28/07/2025 | 06/07/2004 | مراجع | |||||
| Dewey Decimal Classification | مكتبة الحسن العامة | مكتبة الحسن العامة | الإعارة | 08/09/2018 | 06362 | 811.6371/قيس | 28/07/2025 | 08/09/2018 | مراجع | PLD00430204 | |||||
| Dewey Decimal Classification | Unchecked | مكتبة النصر العامة | مكتبة النصر العامة | الإعارة | 06/07/2004 | 4500 | 811.6371/قيس | 28/07/2025 | 06/07/2004 | مراجع | |||||
| Dewey Decimal Classification | Unchecked | مكتبة صويلح العامة | مكتبة صويلح العامة | الإعارة | 06/07/2004 | 5770 | 811.6371/قيس | 28/07/2025 | 06/07/2004 | مراجع | |||||
| Dewey Decimal Classification | Not For Loan | مكتبة وادي السير العامة | مكتبة وادي السير العامة | مراجع | 23/02/2016 | [3150].. | 811.6371/قيس | 28/07/2025 | 23/02/2016 | مراجع | PLD00375822 |